000 00281nam a2200121 a 4500
005 20140414093828.0
008 030429s19uu xx 00 eng d
050 _aVHS 800
_bR 02
245 _aRomeo & Juliet.
500 _aLibrary has 2 copies
942 _cAVM
999 _c108567
_d108567